<?xml version="1.0" encoding="UTF-8"?>
<record
    xmlns:xsi="http://www.w3.org/2001/XMLSchema-instance"
    xsi:schemaLocation="http://www.loc.gov/MARC21/slim http://www.loc.gov/standards/marcxml/schema/MARC21slim.xsd"
    xmlns="http://www.loc.gov/MARC21/slim">

  <leader>00581nam a22001457a 4500</leader>
  <controlfield tag="008">220802b        |||||||| |||| 00| 0 eng d</controlfield>
  <datafield tag="020" ind1=" " ind2=" ">
    <subfield code="a">9789993617112</subfield>
  </datafield>
  <datafield tag="082" ind1=" " ind2=" ">
    <subfield code="a">920 GYE</subfield>
  </datafield>
  <datafield tag="100" ind1=" " ind2=" ">
    <subfield code="a">Gyeltshen, Dorji</subfield>
  </datafield>
  <datafield tag="245" ind1=" " ind2=" ">
    <subfield code="a">&#xF51;&#xFB2;&#xF53;&#xF0B;&#xF42;&#xF4F;&#xF58;&#xF0B;&#xF5F;&#xFB3;&#xF0B;&#xF56;&#xF60;&#xF72;&#xF0B;&#xF56;&#xF51;&#xF74;&#xF51;&#xF0B;&#xF62;&#xFA9;&#xF72;&#xF0D;</subfield>
    <subfield code="b">&#xF58;&#xF41;&#xF66;&#xF0B;&#xF42;&#xFB2;&#xF74;&#xF56;&#xF0B;&#xF46;&#xF7A;&#xF53;&#xF0B;&#xF54;&#xF7C;&#xF0B;&#xF56;&#xFB3;&#xF0B;&#xF58;&#xF0B;&#xF66;&#xFA8;&#xF7C;&#xF53;&#xF0B;&#xF63;&#xF58;&#xF0B;&#xF62;&#xF56;&#xF0B;&#xF56;&#xF5F;&#xF44;&#xF0B;&#xF42;&#xF72;&#xF0B;&#xF58;&#xF5B;&#xF51;&#xF0B;&#xF62;&#xFA3;&#xF58;&#xF0D;</subfield>
  </datafield>
  <datafield tag="260" ind1=" " ind2=" ">
    <subfield code="a">Thimphu :</subfield>
    <subfield code="b">National Library and Archives of Bhutan,</subfield>
    <subfield code="c">2010.</subfield>
  </datafield>
  <datafield tag="300" ind1=" " ind2=" ">
    <subfield code="a">xi, 279 p.</subfield>
    <subfield code="c">21 cm.</subfield>
  </datafield>
  <datafield tag="650" ind1=" " ind2=" ">
    <subfield code="a">Biography</subfield>
  </datafield>
  <datafield tag="942" ind1=" " ind2=" ">
    <subfield code="2">ddc</subfield>
  </datafield>
  <datafield tag="999" ind1=" " ind2=" ">
    <subfield code="c">9059</subfield>
    <subfield code="d">9060</subfield>
  </datafield>
  <datafield tag="952" ind1=" " ind2=" ">
    <subfield code="0">0</subfield>
    <subfield code="1">0</subfield>
    <subfield code="2">ddc</subfield>
    <subfield code="4">0</subfield>
    <subfield code="7">0</subfield>
    <subfield code="8">DZONGKHA</subfield>
    <subfield code="a">RTCLIB</subfield>
    <subfield code="b">RTCLIB</subfield>
    <subfield code="c">DZONGKHA</subfield>
    <subfield code="d">2022-08-02</subfield>
    <subfield code="h">16550</subfield>
    <subfield code="l">0</subfield>
    <subfield code="o">920 GYE</subfield>
    <subfield code="p">30015454</subfield>
    <subfield code="r">2022-08-02 00:00:00</subfield>
    <subfield code="w">2022-08-02</subfield>
    <subfield code="y">DZONGKHA</subfield>
  </datafield>
  <datafield tag="952" ind1=" " ind2=" ">
    <subfield code="0">0</subfield>
    <subfield code="1">0</subfield>
    <subfield code="2">ddc</subfield>
    <subfield code="4">0</subfield>
    <subfield code="7">0</subfield>
    <subfield code="8">DZONGKHA</subfield>
    <subfield code="a">RTCLIB</subfield>
    <subfield code="b">RTCLIB</subfield>
    <subfield code="c">DZONGKHA</subfield>
    <subfield code="d">2022-08-02</subfield>
    <subfield code="h">16551</subfield>
    <subfield code="o">920 GYE</subfield>
    <subfield code="p">30015563</subfield>
    <subfield code="r">2022-08-02 00:00:00</subfield>
    <subfield code="w">2022-08-02</subfield>
    <subfield code="y">DZONGKHA</subfield>
  </datafield>
</record>
